| 000 | 00627nac a22001931u 4500 | ||
|---|---|---|---|
| 020 | _a9780750680684 | ||
| 082 |
_a628.922 _bFUR |
||
| 090 |
_c7925 _d7925 |
||
| 100 | _aFurness, Andrew | ||
| 245 |
_aIntroduction to fire safety management/ _cAndrew Furness and Martin Muckett |
||
| 260 |
_aAmsterdam: _bElsevier,2007 _c2007 |
||
| 300 |
_a419p.: _bcol. ill.; _c28 cm. |
||
| 500 | _adistributer: Al-Ahram | ||
| 500 | _aIncludes index | ||
| 511 | _acatalogued by: wessam | ||
| 650 |
_aFire prevention _xHandbooks, manuals, etc. |
||
| 700 | _aMuckett Martin | ||
| 942 |
_cBB _k628.922 FUR |
||
| 999 |
_c7925 _d7925 |
||